| 000 | 00689nam a22002297a 4500 | ||
|---|---|---|---|
| 003 | UA-OsUOA | ||
| 001 | 48985 | ||
| 007 | ta | ||
| 008 | 20130910b un ||||| |||| 00| 0 ukr d | ||
| 090 |
_a82-1 _bД70 |
||
| 942 | _cBK | ||
| 040 |
_aUA-OsUOA _bukr _cUA-OsUOA _dUA-OsUOA |
||
| 245 |
_aДотики слова _cупор. Мілан Бобак |
||
| 300 | _a126 с. | ||
| 955 | _a3 | ||
| 041 | _aukr | ||
| 080 | _a82-1 | ||
| 260 |
_aСвидник _b"Triciaren svidnicka s.r.o" |
||
| 650 | 7 |
_a82 Література. Літературознавство _2UDC |
|
| 999 |
_c429111 _d429111 |
||